Statystyki dla Rudy w minecrafcie

Kliknij tutaj aby rozwiązać quiz!

Ogólne statystyki

  • Ten quiz został rozwiązany 27 razy
  • Średni wynik to 7 z 11

Statystyki odpowiedzi

Ruda% Poprawnych
Diament
100%
Żelazo
95%
Złoto
95%
Węgiel
90%
Miedź
75%
Szmaragd
75%
Redstone
60%
Kwarc
50%
Lapis-lazuli
30%
Netheryt
15%
Netherytowe złoto
0%

Rozkład punktacji

Percentyl według liczby udzielonych odpowiedzi

Procent ludzi z każdym wynikiem

Twoja historia wyników

Nie rozwiązałeś tego quizu